| 000 | 00977nam a2200241 a 4500 | ||
|---|---|---|---|
| 999 |
_c11037 _d11037 |
||
| 001 | 11037 | ||
| 003 | BD-JhCC | ||
| 005 | 20190727142635.0 | ||
| 008 | 190627s2008 bg |||| |||| 000 0 mul d | ||
| 020 | _a9848420886 | ||
| 035 | _a(BD-JhCC)11037 | ||
| 040 |
_aBD-JhCC _dBD-JhCC |
||
| 041 | _aeng and ben | ||
| 082 |
_a428.1 _bBAB 2008 |
||
| 245 |
_aব্যবহারিক শব্দকোষ : _bবাংলা ইংরেজি বাংলা / _cসম্পাদনায় সিরাজুল ইসলাম চৌধুরী ...[et al.] এবং সংকলক রিয়াজ আহমেদ |
||
| 250 | _a২য় সংস্করণ. | ||
| 260 |
_aঢাকা : _bসাহিত্য বিলাস, _c২০০৮. |
||
| 300 |
_a299 p. : _c21 cm. |
||
| 650 |
_aSynonyms _vBengali and English |
||
| 700 | _aচৌধুরী, সিরাজুল ইসলাম | ||
| 700 | _aআহমেদ, রিয়াজ | ||
| 942 |
_2ddc _cBK |
||